| 000 | 004170000a22001690004500 | ||
|---|---|---|---|
| 003 | MACL | ||
| 005 | 20160803153155.0 | ||
| 008 | 160803b xxu||||| |||| 00| 0 eng d | ||
| 040 |
_aMACL _cMACL |
||
| 041 | _aEnglish | ||
| 082 | _a759 MAS | ||
| 100 |
_aMason, James _966098 |
||
| 245 |
_aBernardino Luini _cJames Mason |
||
| 260 |
_bT C & E C Jack _aLondon |
||
| 650 |
_aPainting _966099 |
||
| 942 |
_cBK _k759/MAS _2ddc |
||
| 999 |
_c38030 _d38030 |
||